[Event "WYCC U14 Open 2019"]
[Site "Mumbai"]
[Date "2019.10.05"]
[Round "5.8"]
[White "Amanzhol, Sultan"]
[Black "Aaryan, Varshney"]
[Result "0-1"]
[WhiteElo "2032"]
[BlackElo "2239"]
[Annotator "TA"]
[PlyCount "84"]
[EventDate "2019.10.02"]
[EventType "swiss"]
[EventCountry "IND"]
[SourceTitle "playchess.com"]
[Source "ChessBase"]
[SourceQuality "1"]

{[%evp 18,92,16,14,9,12,21,-39,-58,-77,-41,-72,-32,-28,-39,-47,-32,-115,-115,-110,-108,-129,-133,-170,-179,-183,-146,-183,-183,-187,-170,-170,-171,-168,-163,-209,-205,-203,-196,-219,-214,-454,-451,-506,-507,-525,-522,-501,-498,-516,-445,-533,-529,-515,-506,-562,-562,-558,-553,-547,-531,-536,-538,-531,-531,-516,-516,-612,-608,-648,-627,-668,-656,-612,-581,-533,-445]} 1. d4 Nf6 2. c4 e6 3. Nf3 d5 4. e3 c5 5. Nc3 Nc6 6. Be2 Be7 7. O-O O-O 8. dxc5 dxc4 9. Bxc4 Bxc5 10. a3 Qe7 {D40: Queen's Gambit Declined: Semi-Tarrasch with 5 e3} (10... Bd6 11. Nb5 Bb8 12. Qxd8 Rxd8 13. Nbd4 Bd7 14. b4 Rc8 15. Nxc6 Bxc6 16. Be2 Bd5 17. Bd2 Ne4 18. Rfc1 {½-½ (56) Xu,Z (2501)-Le,Q (2713) Changsha 2019}) 11. b4 Bd6 12. e4 ({Better is} 12. Bb2 $11) 12... Ne5 {Black is slightly better.} 13. Nd2 $146 ({Predecessor:} 13. Be2 Nxf3+ 14. Bxf3 Qc7 15. Bb2 Bxh2+ 16. Kh1 Be5 17. Re1 Qe7 18. Qe2 {0-1 (40) Sakulo,D (2323)-Vokhidov,S (2401) Moscow 2018}) 13... Ng6 14. Nf3 Rd8 {aiming for ...Bxh2+!} 15. Qe2 {Threatens to win with e5.} Ne5 16. Bg5 h6 17. Bxf6 (17. Bh4 $15) 17... Qxf6 $17 18. Rad1 a6 19. Bb3 b5 20. Nd4 Bc7 $1 21. a4 Ng6 $40 {[%mdl 128] White is in trouble.} 22. e5 Qxe5 ({Inferior is} 22... Bxe5 23. Ne4 $11) 23. Qxe5 Bxe5 ({Weaker is} 23... Nxe5 24. axb5 Bd7 25. Rfe1 $15) 24. Nde2 Bb7 25. axb5 axb5 26. Nxb5 Ba6 27. Bc4 {[#]} Rxd1 $1 28. Rxd1 {[#]} Rc8 $1 {[%cal Rc8c4]} 29. Bd3 $2 (29. Nd6 Rxc4 30. Nxc4 Bxc4 31. Rd2) 29... Rd8 $19 {Black is clearly winning.} 30. Nbd4 Bxd4 31. Bxa6 {[#]} Bxf2+ $1 {[%mdl 576] Discovered Attack} 32. Kxf2 Rxd1 {[%mdl 4096] Endgame KRN-KBN} 33. b5 Rb1 34. Nc3 Rb3 35. Na4 Ne5 36. b6 Nd7 37. b7 Nb8 38. Nc5 Rb2+ 39. Be2 Kf8 40. Ke3 Ke7 41. Bf3 Kd6 42. Nd3 Rb1 {Played: Rb2-b3} 0-1

[Event "WYCC U14 Open 2019"]
[Site "Mumbai"]
[Date "2019.10.05"]
[Round "5.8"]
[White "Amanzhol, Sultan"]
[Black "Aaryan Varshney"]
[Result "*"]
[WhiteElo "2032"]
[BlackElo "2239"]
[Annotator "RC"]
[PlyCount "24"]
[EventDate "2019.10.02"]
[EventType "swiss"]
[EventCountry "IND"]
[SourceTitle "playchess.com"]
[Source "ChessBase"]
[SourceQuality "1"]
[TimeControl "40/5400+30:1800+30"]

1. d4 {[%emt 0:00:00]} Nf6 {[%emt 0:02:21]} 2. c4 {[%emt 0:00:00]} e6 {[%emt 0:00:09]} 3. Nf3 {[%emt 0:00:19]} d5 {[%emt 0:00:04]} 4. e3 {[%emt 0:00:14]} c5 {[%emt 0:00:59]} 5. Nc3 {[%emt 0:00:47]} Nc6 {[%emt 0:01:01]} 6. Be2 {[%emt 0:06:16]} Be7 {[%emt 0:01:54]} 7. O-O {[%emt 0:00:32]} O-O {[%emt 0:00:49]} 8. dxc5 {[%emt 0:06:07]} dxc4 {[%emt 0:09:00]} 9. Bxc4 {[%emt 0:02:06]} Bxc5 {[%emt 0:00:44]} 10. a3 {[%emt 0:04:20]} Qe7 {[%emt 0:01:44]} 11. b4 {[%emt 0:00:20]} Bd6 {[%emt 0:00:16]} 12. e4 {[%emt 0:04:47]} Ne5 {[%emt 0:01:37]} *

[Event "WYCC U14 Open 2019"]
[Site "Mumbai"]
[Date "2019.10.05"]
[Round "5.9"]
[White "Colbow, Collin"]
[Black "Sun, Jiajun"]
[Result "0-1"]
[WhiteElo "2148"]
[BlackElo "1966"]
[Annotator "TA"]
[PlyCount "44"]
[EventDate "2019.10.02"]
[EventType "swiss"]
[EventCountry "IND"]
[SourceTitle "playchess.com"]
[Source "ChessBase"]
[SourceQuality "1"]

{[%evp 15,80,52,87,91,76,78,127,122,111,123,285,156,110,7,0,-8,94,85,109,-163,-156,-145,-155,-164,-111,-155,-145,-268,-255,-271,-254,-300,-294,-333,-314,-383,-397,-399,-402,-420,-419,-418,-408,-394,-400,-435,-404,-504,-493,-514,-405,-564,-568,-633,-545,-584,-572,-568,-523,-650,-430,-758,-750,-734,-712,-681,-683]} 1. e4 c5 2. Nf3 e6 3. d4 cxd4 4. Nxd4 a6 5. Nc3 b5 6. Bd3 Bb7 7. O-O Qc7 8. Re1 d6 9. Nd5 {B43: Sicilian: Kan Variation: 5 Nc3} exd5 $146 ({Predecessor:} 9... Qd8 10. a4 bxa4 11. c4 Be7 12. Qg4 g6 13. Nxe7 Nxe7 14. Bg5 Nd7 15. Bc2 O-O 16. Rad1 h5 17. Qg3 Nc5 18. e5 d5 19. Bf6 Nd7 20. Qg5 {1-0 (20) Atabayev,M (2471)-Atabayev,Y (2432) Moscow 2014}) 10. exd5+ Ne7 11. Bf4 {[%mdl 1024] aiming for Nf5.White is better. White has strong compensation.} Kd8 (11... Bxd5 $2 12. Nf5 $18) 12. Qe2 Qd7 $2 (12... Nd7 $16) 13. Bg5 ({White should try} 13. c4 $18) 13... h6 14. Bf5 (14. Qh5 $16) 14... Qc7 $11 15. Qh5 hxg5 (15... g6 $2 16. Bxg6 $1 {[%mdl 512]} hxg5 17. Qxh8 $18) (15... Bxd5 $11 16. Bg4 Qc4) 16. Qxh8 $16 {[%cal Rh8f8]} Nd7 {[#]} 17. Re3 $2 {[%mdl 8192]} (17. Be6 $1 $16 {[%cal Re6f7]} Bxd5 18. Bxd5 Nxd5 19. Qg8) 17... Nxf5 $19 18. Nxf5 Qc5 (18... Bxd5 $6 19. Rd1 $11) ({Don't play} 18... Qxc2 19. Nxg7 Bxd5 20. Ne8 $17) 19. Ne7 Bxd5 (19... Qxc2 $19 20. b3 Kc7) 20. b4 Qc4 {Strongly threatening ...Be6.} 21. Rae1 (21. Nxd5 $17 {only move.} Qxd5 22. Rd3) 21... Bb7 22. Nf5 {[#] Threatens to win with Nxd6.} Kc7 {Played: Qc4-g4} 0-1

[Event "WYCC U14 Open 2019"]
[Site "Mumbai"]
[Date "2019.10.05"]
[Round "5.9"]
[White "Colbow, Collin"]
[Black "Sun, Jiajun B"]
[Result "*"]
[WhiteElo "2148"]
[BlackElo "1977"]
[Annotator "RC"]
[PlyCount "24"]
[EventDate "2019.10.02"]
[EventType "swiss"]
[EventCountry "IND"]
[SourceTitle "playchess.com"]
[Source "ChessBase"]
[SourceQuality "1"]
[TimeControl "40/5400+30:1800+30"]

1. e4 c5 2. Nf3 e6 3. d4 cxd4 4. Nxd4 a6 5. Nc3 b5 6. Bd3 Bb7 7. O-O Qc7 8. Re1 d6 9. Nd5 exd5 10. exd5+ Ne7 11. Bf4 Kd8 12. Qe2 Qd7 *

[Event "WYCC U14 Open 2019"]
[Site "Mumbai"]
[Date "2019.10.05"]
[Round "5.10"]
[White "Vo, Pham Thien Phuc"]
[Black "Luczak, Filip"]
[Result "1/2-1/2"]
[WhiteElo "1807"]
[BlackElo "2136"]
[Annotator "TA"]
[PlyCount "201"]
[EventDate "2019.10.02"]
[EventType "swiss"]
[EventCountry "IND"]
[SourceTitle "playchess.com"]
[Source "ChessBase"]
[SourceQuality "1"]

{[%evp 21,201,-1,-1,-36,0,0,0,0,0,-9,0,-2,10,0,21,16,16,17,27,12,47,10,31,34,42,35,38,18,24,0,0,-342,-353,-343,-331,-358,-360,-356,-118,-111,-108,-108,-68,-61,-56,-68,-54,-88,-45,-104,-104,-120,-120,-120,-104,-104,-104,-104,-107,-107,-107,-109,-109,-114,-114,-114,-114,-114,-124,-139,-138,-141,-138,-131,-124,-124,-124,-124,-124,-124,-119,-124,-124,-124,-135,-135,-124,-130,-124,-124,-124,-124,-124,-124,-123,-124,-119,-124,-124,-124,-116,-116,-116,-116,-116,-116,-116,-116,-116,-116,-104,-104,-104,-104,-104,-104,-104,-104,-104,-104,0,-104,-104,-104,-104,-104,-104,-104,-104,-104,-104,-104,-104,-104,-104,-104,-104,-104,-104,-104,-104,-104,-62,-104,-104,-104,-104,-104,-104,-104,-104,-104,0,-104,0,-104,-104,-104,0,-104,-104,-104,-104,-105,-79,-79,-79,-79,-79,-79,-79,-79,-79,-79,-79,-79,0,0,0,0,0,0]} 1. d4 Nf6 2. Nf3 g6 3. g3 Bg7 4. Bg2 O-O 5. O-O d6 6. c4 Nc6 7. Nc3 Bg4 8. h3 Bxf3 9. Bxf3 Nd7 10. e3 e5 11. Bxc6 bxc6 12. d5 {E62: King's Indian: Fianchetto: 6...c6 and Panno Variation (6...Nc6) without ...a6} (12. b3 Qf6 13. dxe5 Nxe5 14. Bb2 Rab8 15. Rb1 Qf3 16. Na4 Qf5 17. Bxe5 Bxe5 18. Kh2 h5 19. h4 Rfe8 {0-1 (57) Vul,A (2253)-Nigmatov,O (2478) Tashkent 2019}) 12... c5 13. e4 f5 14. Kh2 $146 ({Predecessor:} 14. f3 f4 15. Qe1 Rb8 16. Rb1 Bh6 17. g4 Bg5 18. Ne2 Rf7 19. Qc3 h5 20. Kg2 Rh7 21. Bd2 Nf6 22. Rh1 hxg4 23. hxg4 Rb6 {½-½ (23) Jereb,L (1580)-Jarocka,L (1661) Porec 2015}) 14... f4 15. Bd2 Rb8 16. b3 Nf6 17. g4 Bh6 18. f3 Bg5 19. Kg2 h5 20. Rh1 Nd7 21. Be1 Bf6 22. Qe2 Kf7 23. Bd2 Rh8 24. Raf1 Rh6 25. Qd1 Qh8 26. Kf2 $2 {[%mdl 8192]} (26. Nb5 $11 {and White stays safe.}) 26... hxg4 $19 27. fxg4 Rxh3 {( -> ...Qh4+)} 28. Rxh3 Qxh3 29. Qf3 Bh4+ $2 (29... Qh2+ $19 30. Qg2 Rh8) 30. Ke2 $17 Qxf3+ 31. Kxf3 a6 32. Rh1 Rh8 33. Ne2 Kg7 34. Ng1 Nf6 35. Ba5 ({White should play} 35. Ne2 $15) 35... Nh7 $1 36. Nh3 Bd8 37. Kg2 Nf6 38. Nf2 Rxh1 39. Kxh1 {[%mdl 4096] Endgame KBN-KBN} Nh7 40. Nh3 Kf7 41. Kg2 Ke8 42. Kf3 Kd7 43. Ke2 Bh4 44. Kf3 c6 45. Ke2 cxd5 46. cxd5 Bd8 47. Be1 Kc7 48. Ba5+ {[#]} Kc8 $1 49. Be1 Kb7 50. Kd3 Kb6 51. a4 Be7 52. Ke2 Nf6 53. Nf2 Ng8 54. Nh3 Nh6 55. Kf3 Nf7 56. Ke2 Bd8 57. Kf3 Nh6 58. Ng1 Kc7 59. Nh3 Nf7 60. Ke2 Kd7 61. Kf3 Ke7 62. Ke2 Kf8 63. Kf3 Kg7 64. Ke2 Kh6 65. Kf3 Ng5+ (65... Be7 {is interesting.} 66. Ba5 Kh7 67. Ke2 Bd8 68. Be1 Bg5) 66. Nxg5 Kxg5 {KB-KB} 67. Bc3 Kh4 68. Be1+ {[#]} Kh3 $1 69. Bc3 Kh2 70. Bd2 Kh3 (70... Bc7 $17) 71. Be1 (71. Bc3 $11) 71... Bc7 72. Bd2 Kh4 73. Be1+ Kg5 74. Bd2 Kf6 75. Be1 Ke7 76. Ke2 Kd7 77. Bd2 Kc8 78. Be1 Bd8 79. Kd3 Kb7 80. Ke2 Kb6 81. Bf2 Bg5 82. Kf3 Kc7 83. Be1 Kb7 84. Bf2 Bd8 85. Be1 Bb6 86. Bd2 Bd8 87. Be1 $1 Bb6 88. Bd2 $1 Bc7 89. Be1 Bd8 90. Ke2 $1 Be7 91. Kf3 Kb6 92. Bf2 a5 93. Ke2 Ka6 94. Kf3 Bd8 95. Be1 Bb6 96. Bh4 Bc7 97. Ke2 Kb6 98. Kf3 c4 (98... Kb7 $17) 99. Bf2+ $11 {The position is equal.} Ka6 100. bxc4 Bb6 {Strongly threatening ...Bxf2.} 101. Bh4 {Accuracy: White = 70%, Black = 64%.} 1/2-1/2

[Event "WYCC U14 Open 2019"]
[Site "Mumbai"]
[Date "2019.10.05"]
[Round "5.11"]
[White "Huang, Patrick"]
[Black "Tsvetkov, Andrey"]
[Result "0-1"]
[WhiteElo "2120"]
[BlackElo "2382"]
[Annotator "TA"]
[PlyCount "94"]
[EventDate "2019.10.02"]
[EventType "swiss"]
[EventCountry "IND"]
[SourceTitle "playchess.com"]
[Source "ChessBase"]
[SourceQuality "1"]

{[%evp 15,94,-5,-6,-19,-12,-41,-39,-27,-31,-32,-11,-9,-15,-33,-14,-52,0,0,0,-30,-33,-109,-84,-129,-99,-143,-137,-181,-161,-159,-134,-171,-165,-167,-160,-168,-160,-160,-160,-321,-308,-291,-312,-300,-230,-233,-230,-265,-272,-386,-370,-379,-368,-347,-363,-364,-358,-816,-823,-831,-831,-767,-695,-850,-845,-832,-825,-770,-779,-764,-764,-731,-700,-1676,-1676,-1524,-1423,-5983,-5852,-1633,-456]} 1. d4 Nf6 2. Bf4 d5 3. e3 e6 4. Nf3 Bd6 5. Bg3 O-O 6. Nbd2 c5 7. c3 Qc7 8. Bd3 Nbd7 9. Qc2 {D02: 1 d4 d5 2 Nf3 sidelines, including 2...Nf6 3 g3 and 2...Nf6 3 Bf4} (9. Qe2 e5 10. dxe5 Nxe5 11. Nxe5 Bxe5 12. Bh4 Bg4 13. Nf3 Ne4 14. h3 Be6 15. Nxe5 Qxe5 16. f4 Qc7 {0-1 (33) Abasov,N (2632)-Dominguez Perez,L (2763) Khanty-Mansiysk 2019}) 9... b6 10. e4 (10. Bxd6 {with more complications.} Qxd6 11. O-O Bb7 12. a4 Rac8 13. a5) 10... cxd4 11. Nxd4 {Black is slightly better.} Bxg3 12. hxg3 {Strongly threatening exd5.} h6 $146 ({Predecessor:} 12... Nc5 13. Nb5 Nxd3+ 14. Qxd3 Qb8 15. f4 e5 16. exd5 a6 {½-½ (30) Rosso,P-Wosch,A LSS email 2007}) 13. exd5 Nxd5 14. Ne4 Nc5 15. O-O-O Nxe4 (15... Nxd3+ $15 16. Qxd3 Bb7) 16. Bxe4 $11 {[#] c4 is the strong threat.} Bb7 17. Bxd5 Bxd5 18. Rh2 (18. Nf5 $15) 18... Rad8 (18... Bxa2 $6 19. b3 $11) 19. Rdh1 Qe5 ({Don't do} 19... Bxa2 20. b3 $15) 20. Qd2 Bxa2 21. Rh5 Qe4 {[%csl Ga2][%cal Re4b1] [#]} 22. Qc2 Qxc2+ ({Stronger than} 22... Qxg2 23. b3 $11) 23. Kxc2 {Threatening b3.} Bd5 24. f3 f6 25. Re1 e5 26. Nf5 Rd7 27. f4 $2 (27. Rhh1 $17 {is a better defense.}) 27... Bf7 $19 ({Less strong is} 27... Bxg2 28. fxe5 Re8 29. Rh2 $17) 28. Rhh1 Bg6 29. g4 exf4 30. Rhf1 Rfd8 31. Re2 h5 32. Kc1 (32. Rxf4 {was necessary.} hxg4 33. Kb3) 32... hxg4 33. Ne7+ Kf7 34. Nxg6 Kxg6 35. Rxf4 {[%mdl 4096] Endgame KRR-KRR} Kg5 36. Ref2 $2 (36. Rff2) 36... Rd1+ {Black is clearly winning.} 37. Kc2 R1d2+ 38. Kb3 g3 39. R2f3 Rxg2 40. Rf5+ Kg6 41. R5f4 Rdd2 42. Rg4+ Kf7 43. Rfxg3 Rxb2+ 44. Ka4 Rxg3 45. Rxg3 g5 46. c4 a5 47. c5 Rb4+ {Accuracy: White = 26%, Black = 75%.} 0-1

[Event "WYCC U14 Open 2019"]
[Site "Mumbai"]
[Date "2019.10.05"]
[Round "5.11"]
[White "Huang, Patrick"]
[Black "Tsvetkov, Andrey"]
[Result "*"]
[WhiteElo "2120"]
[BlackElo "2382"]
[Annotator "TA"]
[PlyCount "32"]
[EventDate "2019.10.02"]
[EventType "swiss"]
[EventCountry "IND"]
[SourceTitle "playchess.com"]
[Source "ChessBase"]
[SourceQuality "1"]

{[%evp 15,18,-10,-1,-14,-18]} 1. d4 Nf6 2. Bf4 d5 3. e3 e6 4. Nf3 Bd6 5. Bg3 O-O 6. Nbd2 c5 7. c3 Qc7 8. Bd3 Nbd7 9. Qc2 {D02: 1 d4 d5 2 Nf3 sidelines, including 2...Nf6 3 g3 and 2...Nf6 3 Bf4} (9. Qe2 e5 10. dxe5 Nxe5 11. Nxe5 Bxe5 12. Bh4 Bg4 13. Nf3 Ne4 14. h3 Be6 15. Nxe5 Qxe5 16. f4 Qc7 {0-1 (33) Abasov,N (2632)-Dominguez Perez,L (2763) Khanty-Mansiysk 2019}) 9... b6 {Predecessor:} 10. e4 $146 cxd4 11. Nxd4 Bxg3 12. hxg3 Nc5 13. Nb5 Nxd3+ 14. Qxd3 Qb8 15. f4 e5 16. exd5 a6 {½-½ (30) Rosso,P-Wosch,A LSS email 2007} *

[Event "WYCC U14 Open 2019"]
[Site "Mumbai"]
[Date "2019.10.05"]
[Round "5.12"]
[White "Petkov, Momchil"]
[Black "Laux, Dominik"]
[Result "0-1"]
[WhiteElo "2333"]
[BlackElo "2015"]
[Annotator "TA"]
[PlyCount "86"]
[EventDate "2019.10.02"]
[EventType "swiss"]
[EventCountry "IND"]
[SourceTitle "playchess.com"]
[Source "ChessBase"]
[SourceQuality "1"]

{[%evp 17,86,18,24,-3,32,-6,14,12,16,17,16,16,17,10,11,18,21,12,25,0,45,6,18,0,2,-15,-9,-22,-22,-10,-1,-32,-13,-13,-15,-13,-18,-90,-18,-30,0,-73,-81,-47,-22,-84,-81,-82,-52,-81,0,-43,-39,-54,-52,-60,-9,-55,-7,-5,0,0,0,-750,-582,-1145,-1141,-1037,-1010,-881,-792]} 1. d4 d5 2. c4 c6 3. Nf3 Nf6 4. Nc3 dxc4 5. a4 Bf5 6. e3 e6 7. Bxc4 Bb4 8. O-O O-O 9. Qe2 Ne4 10. Bd2 {D19: Slav Defence: 5 a4 Bf5 6 e3: Main line with 9 Qe2} (10. Nxe4 Bxe4 11. Nd2 Bg6 12. Nb3 Nd7 13. Bd2 Qe7 14. Na5 Rab8 15. Bxb4 Qxb4 16. Qe1 Qd6 17. b4 e5 18. Nb3 Bc2 19. Qc3 Bxb3 20. dxe5 Qxe5 21. Qxb3 {½-½ (31) Yu,Y (2721)-Najer,E (2683) Novi Sad 2016}) 10... Qe7 11. Rfd1 Nd7 12. Be1 $146 {The position is equal.} ({Predecessor:} 12. Bd3 Ndf6 13. Nxe4 Bxe4 14. Bxe4 Nxe4 15. Bxb4 Qxb4 16. Qc2 Nf6 17. e4 Rfd8 {0-1 (50) Cao,J (2074)-Granara Barreto,S (2143) Montevideo 2012}) 12... Rfd8 13. a5 b5 14. axb6 axb6 15. Bd3 Nxc3 16. bxc3 {aiming for Bxf5.} Bxd3 17. Qxd3 Ba5 18. e4 Ra7 19. Qc4 Qd6 20. e5 Qd5 21. Qd3 {c4 is the strong threat.} b5 22. Ng5 Nf8 23. Ne4 Ng6 24. Qe3 Bb6 25. Rxa7 Bxa7 26. Ra1 Bb6 27. Nd6 (27. f4 $11) 27... Bc7 (27... f6 $17 {[%cal Rf6e5]} 28. Ra6 (28. f4 c5 $17) 28... fxe5 29. Rxb6 exd4 30. Qxd4 Qxd4 31. cxd4 Rxd6) 28. Ne4 Bb6 29. Qe2 {[#]} (29. Nd6 $11 {remains equal.}) 29... b4 $1 $17 {[%mdl 512]} 30. Rb1 (30. cxb4 Bxd4) 30... Nf4 31. Qf3 (31. Qc2 $1 $11) 31... Qa2 32. Rxb4 Nd5 33. Nd6 Rd7 ({Stronger than} 33... Nxb4 34. Qxf7+ Kh8 35. Ne8 Qxf2+ 36. Bxf2 h6 37. Qxg7#) ({Black should play} 33... f5 $17 34. exf6 Qa1) 34. Rxb6 Nxb6 $40 {[%mdl 128] Black has some attack.} 35. Qxc6 Qe2 {[%cal Re2e1]} 36. g3 Qxe1+ 37. Kg2 Qb1 38. Nc4 h6 {Strongly threatening ...Nxc4!} 39. Nxb6 Ra7 {Hoping for ...Kh7.} 40. Qe8+ $2 {[%mdl 8192]} (40. Nc8 $11 Ra1 41. Qe8+ Kh7 42. Ne7 Qf1+ 43. Kf3 Qd1+ 44. Ke3 Qe1+ 45. Kf3 Qd1+ 46. Kf4 g5+ 47. Ke3 Qe1+ 48. Kf3 Qd1+ 49. Kg2 Qf1+ 50. Kf3 Qd1+ 51. Kg2 Qf1+ 52. Kf3 Qd1+) 40... Kh7 $19 {( -> ...Qe4+). Black is clearly winning.} 41. Nc8 Qe4+ 42. Kh3 Qf5+ {[%mdl 64] Double Attack} 43. Kg2 {[#]} Ra2 $1 {[%mdl 512] Accuracy: White = 32%, Black = 44%.} 0-1

[Event "WYCC U14 Open 2019"]
[Site "Mumbai"]
[Date "2019.10.05"]
[Round "5.13"]
[White "Davtyan, Arsen"]
[Black "Chyzy, Jakub"]
[Result "0-1"]
[WhiteElo "1942"]
[BlackElo "2327"]
[Annotator "TA"]
[PlyCount "58"]
[EventDate "2019.10.02"]
[EventType "swiss"]
[EventCountry "IND"]
[SourceTitle "playchess.com"]
[Source "ChessBase"]
[SourceQuality "1"]

{[%evp 20,80,29,0,0,0,0,0,-17,-25,-14,-45,-34,-31,-26,-21,-12,-179,-170,-176,-179,-157,-155,-179,-168,-189,-189,-301,-295,-249,-245,-227,-165,-204,-187,-272,-296,-289,-275,-264,-293,-288,-288,-506,-500,-490,-468,-696,-670,-668,-652,-593,-678,-694,-687,-633,-627,-893,-455,-690,-691,-1633,-1425]} 1. d4 Nf6 2. c4 d6 3. Nc3 Nbd7 4. e4 e5 5. Nf3 g6 6. Be2 Bg7 7. O-O O-O 8. dxe5 dxe5 9. Be3 c6 10. Qc2 Qe7 11. h3 Nh5 {E94: King's Indian: Classical: 6 Be2 e5 7 0-0: Various Black 7th moves} 12. Rfd1 Nf4 13. Bf1 Ne6 {The position is equal.} 14. a3 f5 (14... a5 15. Qd2 Ndc5 16. Qd6 Qxd6 17. Rxd6 Nb3 18. Rad1 Re8 19. Na4 {½-½ (36) Idani,P (2551)-Chigaev,M (2551) St Petersburg 2016}) 15. exf5 gxf5 16. b4 $146 ({Predecessor:} 16. Kh1 Rf7 17. Rab1 Ndf8 18. Re1 e4 19. Ng1 {0-1 (61) Balta,M (2181)-Vecek,M (2255) ICCF email 2015}) 16... e4 17. Nd4 Ne5 {next ...Nxd4 is good for Black.} 18. c5 $2 (18. Nxe6 $11 Qxe6 19. Rac1) 18... Nxd4 $19 19. Bxd4 {[#]} Nf3+ $1 20. gxf3 {Kh1 is the strong threat.} Bxd4 21. Kh1 (21. Bc4+ $2 Kh8 $19) 21... Qg7 22. Rac1 exf3 {Hoping for ...Kh8.} 23. Rd3 (23. Qd2 $142 Rd8 24. Qf4) 23... Kh8 {aiming for ...Rg8.} 24. Rxf3 Be6 ({Inferior is} 24... Rg8 25. Rg3 $11) 25. Bg2 Rf6 $40 {[%mdl 128] Black wants a kill.} ({Resist} 25... Rg8 26. Rg3) 26. Ne2 Be5 ({Not} 26... Rg8 27. Rg3 $11) 27. Nf4 (27. Rg3 {might work better.} Bxg3 28. fxg3) 27... Bxf4 $1 28. Rxf4 Rg8 {[%csl Gg8][%cal Rg7g2]} 29. Rg1 {[#]} Rg6 {Played: Rf6-h6} 0-1

[Event "WYCC U14 Open 2019"]
[Site "Mumbai"]
[Date "2019.10.05"]
[Round "5.14"]
[White "Borhy, Marcell"]
[Black "Jain, Kashish Manoj"]
[Result "0-1"]
[WhiteElo "2321"]
[BlackElo "1930"]
[Annotator "TA"]
[PlyCount "58"]
[EventDate "2019.10.02"]
[EventType "swiss"]
[EventCountry "IND"]
[SourceTitle "playchess.com"]
[Source "ChessBase"]
[SourceQuality "1"]

{[%evp 14,94,48,16,22,22,30,10,11,7,23,7,14,0,0,-19,-18,-15,-3,-68,-63,-60,-59,-74,-16,-21,-10,-101,-73,-105,-47,-104,-80,-78,-66,-77,-48,-52,-43,-53,0,0,0,0,-23,-110,0,-81,-12,-266,-270,-482,-447,-773,-765,-723,-723,-702,-700,-700,-683,-738,-725,-1106,-1093,-12833,0,-679,0,-12833,-12833,-29981,-933,-1790,-921,-780,-661,-6385,-1929,-1916,-1763,-1107,-1086]} 1. g3 Nf6 2. Bg2 g6 3. d4 Bg7 4. c4 O-O 5. Nc3 d6 6. Nf3 Nc6 7. O-O a6 8. Bf4 Rb8 {E63: King's Indian: Fianchetto: Panno Variation with 7...a6} 9. Rc1 h6 10. d5 e5 {The position is equal.} 11. dxe6 fxe6 12. Qc2 $146 ({Predecessor:} 12. Bd2 e5 13. Ne1 g5 14. Nd5 Bf5 15. Nxf6+ Rxf6 {½-½ (43) Short,P (2298)-Jones,G (2629) Bunratty 2016}) 12... e5 13. Bd2 Bf5 14. Qb3 Be6 {With the idea ...e4.} 15. Nd5 b5 {[%cal Bb7b5,Bb5c4][%mdl 32]} 16. Qc2 ({White should play} 16. Nxf6+ $1 $11 Rxf6 17. Ng5 hxg5 18. Bxc6) 16... bxc4 $15 17. Nxf6+ Qxf6 18. b3 Nb4 (18... d5 $17 {And now ...e4 would win.} 19. bxc4 e4) 19. Bxb4 $1 $11 Rxb4 20. Qd2 (20. Nd2 $1 $11) 20... a5 21. bxc4 Rxc4 ({Better is} 21... e4 $17 22. Ne1 Qe5) 22. e3 (22. Rxc4 $15 Bxc4 23. Nh4) 22... Rxc1 23. Rxc1 c5 24. e4 Bg4 25. Ne1 a4 26. Nc2 Bf3 27. Bxf3 Qxf3 28. Ne3 h5 $36 {[%mdl 2048] Black fights for an advantage.} 29. Nc4 (29. h4 $11 {remains equal.}) 29... Qxe4 {Played: Bg7-h6} 0-1

[Event "WYCC U14 Open 2019"]
[Site "Mumbai"]
[Date "2019.10.05"]
[Round "5.14"]
[White "Borhy, Marcell"]
[Black "Jain Kashish Manoj"]
[Result "*"]
[WhiteElo "2321"]
[BlackElo "1930"]
[Annotator "RC"]
[PlyCount "23"]
[EventDate "2019.10.02"]
[EventType "swiss"]
[EventCountry "IND"]
[SourceTitle "playchess.com"]
[Source "ChessBase"]
[SourceQuality "1"]
[TimeControl "40/5400+30:1800+30"]

1. g3 {[%emt 0:00:00]} Nf6 {[%emt 0:00:00]} 2. Bg2 {[%emt 0:00:00]} g6 {[%emt 0:00:05]} 3. d4 {[%emt 0:00:28]} Bg7 {[%emt 0:00:07]} 4. c4 {[%emt 0:00:14]} O-O {[%emt 0:00:16]} 5. Nc3 {[%emt 0:01:04]} d6 {[%emt 0:00:40]} 6. Nf3 {[%emt 0:00:17]} Nc6 {[%emt 0:00:43]} 7. O-O {[%emt 0:00:11]} a6 {[%emt 0:01:11]} 8. Bf4 {[%emt 0:00:12]} Rb8 {[%emt 0:01:47]} 9. Rc1 {[%emt 0:00:17]} h6 {[%emt 0:01:25]} 10. d5 {[%emt 0:12:47]} e5 {[%emt 0:02:05]} 11. dxe6 {[%emt 0:10:06]} fxe6 {[%emt 0:00:56]} 12. Qc2 {[%emt 0:03:14]} *